Statistics for ALL Taylor Swift Songs (As of 11/2022)

Click here to take the quiz!

General Stats

  • This quiz has been taken 39 times
    (6 since last reset)
  • The average score is 134 of 237

Answer Stats

AlbumSong% Correct
Non-albumAmerican Girl [Cover]
100%
TS Holiday Collection - EP1Last Christmas [Cover]
100%
Non-albumMacavity [Cover]
100%
BonusMonologue Song [SNL]
100%
TS Holiday Collection - EP3Santa Baby [Cover]
100%
TS Holiday Collection - EP4Silent Night [Cover]
100%
BonusThree Sad Virgins (Pete Davidson feat. Taylor Swift) [SNL]
100%
TS Holiday Collection - EP6White Christmas [Cover]
100%
Red (Taylor's Version)622
67%
Red (Taylor's Version)5All Too Well
67%
Red (Taylor's Version)30All Too Well (10 Minute Version)
67%
19895All You Had To Do Was Stay
67%
Midnights3Anti-Hero
67%
Non-albumAnti-Hero (feat. Bleachers)
67%
folklore8august
67%
Red (Taylor's Version)24Babe
67%
Featured OnBabe (Sugarland)
67%
Speak Now3Back To December
67%
Speak Now18Back To December (Acoustic)
67%
Beautiful Eyes - EP1Beautiful Eyes
67%
Midnights9Bejeweled
67%
Speak Now10Better than Revenge
67%
folklore14betty
67%
Midnights15Bigger Than The Whole Sky
67%
Featured OnBirch (Big Red Machine)
67%
19892Blank Space
67%
Fearless (Taylor's Version)26Bye Bye Baby
67%
folklore2cardigan
67%
Non-albumCarolina
67%
evermore2champagne problems
67%
TS Holiday Collection - EP2Christmases When You Were Mine
67%
Non-albumChristmas Tree Farm
67%
198913Clean
67%
evermore14closure
67%
Taylor Swift5Cold As You
67%
evermore9coney island (feat. The National)
67%
Non-albumCrazier
67%
Lover2Cruel Summer
67%
Lover18Daylight
67%
Speak Now5Dear John
67%
Midnights20Dear Reader
67%
reputation5Delicate
67%
reputation4Don’t Blame Me
67%
reputation12Dress
67%
reputation2End Game (feat. Ed Sheeran & Future)
67%
folklore13epiphany
67%
evermore15evermore (feat. Bon Iver)
67%
Lover13False God
67%
Fearless (Taylor's Version)1Fearless
67%
Fearless (Taylor's Version)2Fifteen
67%
Fearless (Taylor's Version)11Forever & Always
67%
Fearless (Taylor's Version)16Forever & Always (Piano Version)
67%
reputation9Getaway Car
67%
Midnights18Glitch
67%
evermore3gold rush
67%
reputation8Gorgeous
67%
Speak Now12Haunted
67%
Speak Now19Haunted (Acoustic)
67%
Midnights17High Infidelity
67%
Midnights14Hits Different
67%
folklore16hoax
67%
reputation3I Did Something Bad
67%
Lover1I Forgot That You Existed
67%
Speak Now16If This Was A Movie
67%
Beautiful Eyes - EP6I Heart?
67%
Red (Taylor's Version)4I Knew You Were Trouble.
67%
folklore10illicit affairs
67%
Taylor Swift13Invisible
67%
folklore11invisible string
67%
Lover6I Think He Knows
67%
evermore17it's time to go
67%
Midnights11Karma
67%
reputation10King Of My Heart
67%
Midnights10Labyrinth
67%
Speak Now13Last Kiss
67%
Midnights1Lavender Haze
67%
Speak Now14Long Live
67%
Non-albumLong Live (feat. Paula Fernandes)
67%
reputation6Look What You Made Me Do
67%
Lover3Lover
67%
Non-albumLover (feat. Shawn Mendes)
67%
Fearless (Taylor's Version)3Love Story
67%
folklore12mad woman
67%
evermore13marjorie
67%
Midnights2Maroon
67%
Taylor Swift10Mary's Song (Oh My My My)
67%
Midnights13Mastermind
67%
Speak Now6Mean
67%
Lover16ME! (feat. Brendon Urie)
67%
Red (Taylor's Version)25Message in a Bottle
67%
Midnights6Midnight Rain
67%
Speak Now1Mine
67%
folklore5my tears ricochet
67%
Speak Now8Never Grow Up
67%
198916New Romantics
67%
reputation15New Year's Day
67%
evermore6no body, no crime (feat. HAIM)
67%
Red (Taylor's Version)23Nothing New (feat. Phoebe Bridges)
67%
Speak Now15Ours
67%
Taylor Swift11Our Song
67%
19894Out of the Woods
67%
Midnights16Paris
67%
folklore15peace
67%
Taylor Swift2Picture To Burn
67%
Beautiful Eyes - EP4Picture To Burn (Radio Edit)
67%
Midnights7Question...?
67%
reputation1...Ready for It?
67%
Red (Taylor's Version)2Red
67%
Featured OnRenegade (Big Red Machine)
67%
evermore16right where you left me
67%
Red (Taylor's Version)28Run (feat. Ed Sheeran)
67%
Red (Taylor's Version)12Sad Beautiful Tragic
67%
folklore7seven
67%
19896Shake It Off
67%
Taylor Swift9Should've Said No
67%
Beautiful Eyes - EP2Should've Said No (Alternate Version)
67%
Midnights4Snow On The Beach (feat. Lana Del Rey)
67%
reputation7So It Goes...
67%
Lover12Soon You’ll Get Better (feat. The Chicks)
67%
Speak Now2Sparks Fly
67%
Speak Now4Speak Now
67%
Red (Taylor's Version)1State Of Grace
67%
Red (Taylor's Version)20State Of Grace (Acoustic Version)
67%
Taylor Swift8Stay Beautiful
67%
Red (Taylor's Version)9Stay Stay Stay
67%
19893Style
67%
Speak Now17Superman
67%
Midnights12Sweet Nothing
67%
Taylor Swift3Teardrops On My Guitar
67%
Beautiful Eyes - EP3Teardrops On My Guitar (Acoustic Version)
67%
folklore1the 1
67%
Lover5The Archer
67%
Fearless (Taylor's Version)12The Best Day
67%
Midnights14The Great War
67%
folklore17the lakes
67%
Red (Taylor's Version)10The Last Time (feat. Gary Lightbody)
67%
Red (Taylor's Version)13The Lucky One
67%
Fearless (Taylor's Version)19The Other Side of the Door
67%
Speak Now7The Story Of Us
67%
folklore9this is me trying
67%
Written By Taylor (but not sung)This Is What You Came For (Calvin Harris & Rihanna)
67%
reputation13This Is Why We Can’t Have Nice Things
67%
198911This Love
67%
BonusThug Story (feat. T-Pain) [Love Story Parody]
67%
Taylor Swift7Tied Together with a Smile
67%
Taylor Swift1Tim Mcgraw
67%
evermore4'tis the damn season
67%
Fearless (Taylor's Version)20Today Was a Fairytale
67%
evermore5tolerate it
67%
Red (Taylor's Version)3Treacherous
67%
Midnights8Vigilante Shit
67%
Red (Taylor's Version)8We Are Never Ever Getting Back Together
67%
19891Welcome To New York
67%
Fearless (Taylor's Version)5White Horse
67%
19899Wildest Dreams
67%
evermore1willow
67%
198914Wonderland
67%
Midnights19Would've, Could've, Should've
67%
Fearless (Taylor's Version)6You Belong with Me
67%
Lover14You Need to Calm Down
67%
Midnights5You're On Your Own, Kid
67%
Lover15Afterglow
33%
Taylor Swift14A Perfectly Good Heart
33%
Taylor Swift4A Place In This World
33%
19898Bad Blood
33%
Non-albumBad Blood (feat. Kendrick Lamar)
33%
Non-albumBeautiful Ghosts
33%
Red (Taylor's Version)16Begin Again
33%
Written By Taylor (but not sung)Bein' With My Baby (Shea Fisher)
33%
Written By Taylor (but not sung)Best Days Of Your Life (Kellie Pickler)
33%
Red (Taylor's Version)22Better Man
33%
Featured OnBoth Of Us (B.o.B)
33%
Fearless (Taylor's Version)7Breathe (feat. Colbie Caillat)
33%
reputation14Call It What You Want
33%
Fearless (Taylor's Version)13Change
33%
TS Holiday Collection - EP5Christmas Must Be Something More
33%
Red (Taylor's Version)18Come Back...Be Here
33%
Fearless (Taylor's Version)17Come In with the Rain
33%
Lover9Cornelia Street
33%
evermore11cowboy like me
33%
reputation11Dancing With Our Hands Tied
33%
Lover10Death By A Thousand Cuts
33%
Fearless (Taylor's Version)25Don't You
33%
evermore8dorothea
33%
Speak Now9Enchanted
33%
Red (Taylor's Version)14Everything Has Changed (feat. Ed Sheeran)
33%
Non-albumEyes Open
33%
Red (Taylor's Version)27Forever Winter
33%
Featured OnGasoline (HAIM)
33%
Red (Taylor's Version)19Girl at Home
33%
Featured OnHalf Of My Heart (John Mayer)
33%
evermore7happiness
33%
Fearless (Taylor's Version)4Hey Stephen
33%
Featured OnHighway Don't Care (feat. Keith Urban) (Tim McGraw)
33%
Red (Taylor's Version)11Holy Ground
33%
198910How You Get the Girl
33%
Red (Taylor's Version)7I Almost Do
33%
Red (Taylor's Version)26I Bet You Think About Me (feat. Chris Stapleton)
33%
Non-albumI Don't Wanna Live Forever (with ZAYN)
33%
198912I Know Places
33%
Beautiful Eyes - EP5I'm Only Me When I'm With You
33%
Taylor Swift12I'm Only Me When I'm with You
33%
Speak Now11Innocent
33%
Lover17It's Nice to Have a Friend
33%
evermore10​ivy
33%
19897I Wish You Would
33%
Fearless (Taylor's Version)14Jump Then Fall
33%
Lover11London Boy
33%
folklore6mirrorball
33%
Lover7Miss Americana & The Heartbreak Prince
33%
Fearless (Taylor's Version)22Mr. Perfectly Fine
33%
Non-albumOnly The Young
33%
Lover8Paper Rings
33%
Red (Taylor's Version)21Ronan
33%
Non-albumSafe & Sound (feat. The Civil Wars)
33%
Red (Taylor's Version)15Starlight
33%
Fearless (Taylor's Version)18Superstar
33%
Non-albumSweeter Than Fiction
33%
Fearless (Taylor's Version)8Tell Me Why
33%
Fearless (Taylor's Version)24That's When (feat. Keith Urban)
33%
Featured OnThe Joker And The Queen (Ed Sheeran)
33%
folklore3the last great american dynasty
33%
Lover4The Man
33%
Red (Taylor's Version)17The Moment I Knew
33%
Taylor Swift6The Outside
33%
Red (Taylor's Version)29The Very First Night
33%
Fearless (Taylor's Version)10The Way I Loved You
33%
Written By Taylor (but not sung)This Is Really Happening (Britni Hoover)
33%
Featured OnTwo Is Better Than One (Boys Like Girls)
33%
Fearless (Taylor's Version)15Untouchable
33%
Fearless (Taylor's Version)23We Were Happy
33%
Fearless (Taylor's Version)21You All Over Me (feat. Maren Morris)
33%
198915You Are In Love
33%
Written By Taylor (but not sung)You'll Always Find Your Way Back Home (Hannah Montana)
33%
folklore4exile (feat. Bon Iver)
0%
evermore12l​ong story short
0%
Fearless (Taylor's Version)9You're Not Sorry
0%

Score Distribution

Percentile by Number Answered

Percent of People with Each Score

Your Score History

You have not taken this quiz since the last reset